The history of the ancient palace and late houses of Parliament at Westminster ... (Record no. 113998)

MARC details
000 -LEADER
fixed length control field 00703cam a22001935a 4500
001 - CONTROL NUMBER
control field L156040
008 - FIXED-LENGTH DATA ELEMENTS--GENERAL INFORMATION
fixed length control field 120426s1836 xxk f 000 0 eng d
035 ## - SYSTEM CONTROL NUMBER
System control number (Sirsi) u156040
041 0# - LANGUAGE CODE
Language code of text/sound track or separate title eng
100 1# - MAIN ENTRY--PERSONAL NAME
Personal name Brayley, E. W.
Fuller form of name (Edward Wedlake)
Dates associated with a name 1773-1854
245 04 - TITLE STATEMENT
Title The history of the ancient palace and late houses of Parliament at Westminster ...
Statement of responsibility, etc. by Edward Wedlake Brayley, and John Britton
260 ## - PUBLICATION, DISTRIBUTION, ETC.
Place of publication, distribution, etc. London
Name of publisher, distributor, etc. John Weale, Architectural Library
Date of publication, distribution, etc. 1836
300 ## - PHYSICAL DESCRIPTION
Extent xvi, 476 p.
Other physical details ill., plates, plan
Dimensions 26 cm.
583 ## - ACTION NOTE
Action Condition reviewed
Time/date of action 20120620
Status condition level 1 and 1
651 #4 - SUBJECT ADDED ENTRY--GEOGRAPHIC NAME
Geographic name London
690 ## - LOCAL SUBJECT ADDED ENTRY--TOPICAL TERM (OCLC, RLIN)
Topical term or geographic name as entry element Conservation and restoration
700 1# - ADDED ENTRY--PERSONAL NAME
Personal name Britton, John
Dates associated with a name 1771-1857
942 ## - ADDED ENTRY ELEMENTS (KOHA)
Suppress in OPAC 0
Holdings
Withdrawn status Lost status Source of classification or shelving scheme Damaged status Not for loan Home library Current library Shelving location Date acquired Total Checkouts Full call number Barcode Date last seen Copy number Price effective from Koha item type
    Dewey Decimal Classification     Historic collection Historic collection Historic collection 26/04/2012   QUARTO 1836 BRAYLEY 30077907 06/08/2019 1 06/08/2019 Book
    Dewey Decimal Classification     Historic collection Historic collection Historic collection 26/04/2012   QUARTO 1836 BRAYLEY 30077903 06/08/2019 2 06/08/2019 Book